000 00546nam a2200217Ia 4500
003 OSt
005 20220928142448.0
006 a|||||r|||| 00| 0
007 ta
008 220927b |||||||| |||| 00| 0 eng d
024 _a19748
037 _cTextual
040 _aSDCL
_cSDCL
_beng
041 _2eng
_aeng
082 _aO15,1:g, K8;3
100 _aVyasa Bhola Sankara
_9503639
245 0 _aSamskrita kavi darsana.
260 _c1968
942 _hO15,1:g, K8;3
_cTEXL
_2CC
999 _c821914
_d821914